La filosofía / (Record no. 43665)

MARC details
000 -LEADER
campo de control de longitud fija 00584nam a2200205 i 4500
001 - NÚMERO DE CONTROL
campo de control 43665
003 - IDENTIFICADOR DE NÚMERO DE CONTROL
campo de control ES-MaACL
005 - FECHA Y HORA DE LA ÚLTIMA TRANSACCIÓN
campo de control 20230906160844.0
007 - CAMPO FIJO DE DESCRIPCIÓN FÍSICA--INFORMACIÓN GENERAL
campo de control de longitud fija t|
008 - DATOS DE LONGITUD FIJA--INFORMACIÓN GENERAL
campo de control de longitud fija 030318s1977 sp ||||1| spa d
100 1# - ENTRADA PRINCIPAL--NOMBRE DE PERSONA
Nombre de persona Caturelli, Alberto.
9 (RLIN) 37090
245 13 - MENCIÓN DEL TÍTULO
Título La filosofía /
Mención de responsabilidad, etc. Alberto Caturelli.
250 ## - MENCION DE EDICION
Mención de edición 2ª ed. rev. y aum.
260 ## - PUBLICACIÓN, DISTRIBUCIÓN, ETC.
Lugar de publicación, distribución, etc. [Madrid] :
Nombre del editor, distribuidor, etc. Gredos,
Fecha de publicación, distribución, etc. [1977]
300 ## - DESCRIPCIÓN FÍSICA
Extensión 591 p. ;
Dimensiones 25 cm.
490 1# - MENCIÓN DE SERIE
Mención de serie Biblioteca hispánica de filosofía
830 0# - PUNTO DE ACCESO ADICIONAL DE SERIE-TÍTULO UNIFORME
Título uniforme Biblioteca hispánica de filosofía
9 (RLIN) 181000
852 ## - LOCALIZACIÓN
Ubicación ES-MaACL
Número de control de estantería A-6660
Sublocalización o colección R.95717
Holdings
Estatus retirado Estado de pérdida Estado de daño No para préstamo Biblioteca de origen Biblioteca actual Ubicación en estantería Fecha de adquisición Fuente de adquisición Total de préstamos Signatura topográfica completa Código de barras Visto por última vez Precio de reemplazo Tipo de ítem Koha
        Biblioteca del Ateneo de Madrid Biblioteca del Ateneo de Madrid Sala Pecera Planta 1 17/01/2008     A-6660 1045963 23/02/2023 23/02/2023 Libro impreso